Základy strategického řízení a rozhodování formulace, impelemntace, hodnocení a kontrola strategie
Enregistré dans:
| Auteur principal: | |
|---|---|
| Format: | Livre |
| Langue: | tchèque |
| Publié: |
Praha
Grada Publishing
2007
|
| Collection: | Expert
|
| Sujets: | |
| Tags: |
Pas de tags, Soyez le premier à ajouter un tag!
|
MARC
| LEADER | 00000nam$a2200000$$$4500 | ||
|---|---|---|---|
| 001 | 0049292 | ||
| 005 | 20240313090629.3 | ||
| 020 | |a 978-80-247-1911-5 | ||
| 041 | 0 | |a cze | |
| 044 | |a CZ | ||
| 245 | 1 | 0 | |a Základy strategického řízení a rozhodování |b formulace, impelemntace, hodnocení a kontrola strategie |c Thaddeus Mallya |
| 264 | 1 | |a Praha |b Grada Publishing |c 2007 | |
| 300 | |a 246 s. | ||
| 490 | 1 | |a Expert | |
| 830 | 0 | |a Expert | |
| 610 | 2 | 0 | |a riadenie strategické |
| 610 | 2 | 0 | |a rozhodovanie strategické |
| 610 | 2 | 0 | |a stratégia podniková |
| 610 | 2 | 0 | |a modely |
| 610 | 2 | 0 | |a systémy informačné riadiace |
| 610 | 2 | 0 | |a štúdie prípadové |
| 100 | 1 | |a Mallya, Thaddeus | |